000
00321nam a22001457a 4500
003
SGT
020
_a
978-93-272-6961-1
082
_a
581.2
_b
P19K
100
_a
YADAV , MANOJ KUMAR
245
_a
PLANTS PATHOLOGY
260
_a
DELHI
_b
KALYANI
_c
2019
300
_a
307
650
_a
PLANT PATHOLOGY
942
_2
ddc
_c
BK
_0
7
999
_c
17014
_d
17014